00394nam a2200157Ia 4500003000400000008004100004040001600045082001300061100001800074245004200092260003100134300001000165490002400175650001500199650002200214GCL140319s9999 xx 000 0 eng d aGCL / cGCL04a843bA C1 aARAGON, LOUIS10aLES CLOCHES DE BALE / cARAGON, LOUIS a[S.N] : bDENOEL ، c1993 a437 P aCOLLECTION FOLIOv004aLITERATURE04aFRENCH LITERATURE